Pays en E - Statistiques

Statistiques générales
  • Ce quiz a été pris 123 fois
  • Le résultat moyen est 7 sur 9
Statistiques - réponses
Hint Réponse % Correct
Il se situe en Europe Espagne
92%
Il se situe en Europe Estonie
91%
Il se situe en Amérique du sud Équateur
88%
Il se situe en Afrique Érythrée
87%
Il se situe en Afrique Éthiopie
86%
Il se situe en Afrique Eswatini
77%
Il se situe en Amérique du nord États-Unis
72%
Il se situe en Asie Émirats Arabes Unis
68%
Il se situe en Afrique Égypte
66%
Aucun quiz correspondant
Distribution des résultats
% des personnes avec chaque résultat
Percentile par nombre de réponses
Votre historique - résultats
Vous n’avez pas pris ce quiz